Missing Word: Television Movies Quiz Stats

 Plays Quiz Updated May 27, 2012

Support Sporcle.
Go Orange.
Score 0/31 Timer 03:00
0 Plays Today
Title Missing Word % Correct
If These _____ Could TalkWalls
81.6%
12 _____ MenAngry
80.9%
Roe vs. _____Wade
79.8%
And the _____ Played OnBand
74.5%
Brian's _____Song
67.3%
Bury My _____ at Wounded KneeHeart
64.6%
High School _____Musical
63.2%
_____ ChanelCoco
61.5%
_____ with MorrieTuesdays
56%
Sarah, _____ and TallPlain
53.8%
The Tuskegee _____Airmen
50.1%
The _____ AfterDay
49.3%
A _____ in the SunRaisin
49%
The Lion in _____Winter
48.2%
You Don't Know _____Jack
46.3%
Too _____ to FailBig
46%
Title Missing Word % Correct
Their Eyes Were Watching _____God
45.8%
Barbarians at the _____Gate
44.6%
Don King: Only in _____America
43.7%
What the _____ Man HeardDeaf
37.6%
The Positively True Adventures of the Alleged Texas _____-Murdering MomCheerleader
32.5%
Pirates of _____ ValleySilicon
28.4%
Mother, May I _____ With Danger?Sleep
26.2%
The Gathering _____Storm
25.2%
The _____: The Hiding of Anne FrankAttic
21.1%
Murder on _____ 502Flight
20.6%
_____ GardensGrey
19.1%
_____ VeriteCinema
18.6%
Something the _____ MadeLord
15.4%
Jesse _____: Death in ParadiseStone
12.8%
Why I Wore _____ to My MastectomyLipstick
11%

Today's Daily Dose

Missing Word
50 Cent Songs

Word Ladder
Close Gunshot

Quick Pick
Pop Punk Bands

Get the Picture
An 'S' in Disney

From the Vault

80s Album Title Match-Up

by babymonkee

Music 3m
Let's match up some titles that you may have owned on cassette.
Remove Ads.
Support Sporcle.
Get the best of Sporcle when you Go Orange. This ad-free experience offers more features, more stats, and more fun while also helping to support Sporcle. Thank you for becoming a member.

Show Comments

Extras

Top Quizzes Today


Score Distribution

Your Account Isn't Verified!

In order to create a playlist on Sporcle, you need to verify the email address you used during registration. Go to your Sporcle Settings to finish the process.

Report this User

Report this user for behavior that violates our Community Guidelines.

Details: